Sports Quiz

Random Sports or NFL Quiz

NFL Passing Yards by Lefties Quiz Stats

 Plays Quiz Updated Jan 7, 2018

Challenge
Share
Tweet
Embed
Score 0/8 Timer 03:00
5 Plays Today
Career yards Quarterback % Correct
33,124Steve Young
87%
22,464Michael Vick
77.1%
31,935Mark Brunell
45.1%
37,920Boomer Esiason
35.4%
27,938Ken Stabler
29.1%
21,115Jim Zorn
14.3%
15,692Scott Mitchell
12.4%
10,795Frank Albert
3.2%

You're not logged in!

Compare scores with friends on all Sporcle quizzes.
OR
Log In

You Might Also Like...

Show Comments

Extras

Top Quizzes Today


Score Distribution

Your Account Isn't Verified!

In order to create a playlist on Sporcle, you need to verify the email address you used during registration. Go to your Sporcle Settings to finish the process.

Report this User

Report this user for behavior that violates our Community Guidelines.

Details: